| 000 | 00401nam a2200133Ia 4500 | ||
|---|---|---|---|
| 008 | 220217s9999||||xx |||||||||||||| ||und|| | ||
| 020 | _a3-540-66065-8 | ||
| 082 | _a515.353 SAI | ||
| 100 |
_aSaito, Mutsumi Sturmfels, Bernd Etal _92907 |
||
| 245 | 0 | _aGrobner deformations of hypergeometric differential equation | |
| 260 |
_aSpringer _bBerlin _c2000 |
||
| 300 | _bF39.95 | ||
| 650 | _aMATHEMATICS | ||
| 999 |
_c170233 _d170233 |
||